| 000 | 01179naa a2200301 a 4500 | ||
|---|---|---|---|
| 999 |
_c322735 _d322735 |
||
| 003 | BLK | ||
| 005 | 20250729103755.0 | ||
| 008 | 180831b bul||||| |||| 00| 0 bul d | ||
| 020 | _a9789544093853 | ||
| 040 | _aBLK | ||
| 041 |
_aBUL _cBUL |
||
| 080 |
_aАнглийска литература _b821.111 _x-31 _z821.111-31 |
||
| 100 |
_aБредфорд, Барбара Тейлър _eпърви автор _91299 |
||
| 139 |
_bБ 75 _aБредфорд, Барбара Тейлър |
||
| 245 |
_aТайните на Кавендън _cБарбара Тейлър Брадфорд ; Прев. от англ. Нина Рашкова |
||
| 260 |
_bПлеяда _c2018 _aСофия |
||
| 300 |
_a303 с. _c20 см |
||
| 380 | _aX | ||
| 490 |
_9201254 _aПоредица Пеперуда : Съвременна романтична проза |
||
| 500 | _aОриг. загл. Secrets of Cavendon / Barbara Taylor Bradford | ||
| 700 |
_aРашкова, Нина Николаева _d1947- _9383502 |
||
| 765 | _aSecrets of Cavendon | ||
| 852 | _aЦб 293127 | ||
| 942 |
_cKNG _2udc _n0 _095 |
||
| 999 | _d322735 | ||
| 999 | _d322735 | ||
| 944 |
_k30564 _lАнна Гръцманова |
||